State Capitals That Beat Albany - Statistics

General Stats
  • This quiz has been taken 176 times
  • The average score is 11 of 12
Answer Stats
Rank Category Answer % Correct
7 Easternmost Augusta | Boston | Providence | Concord | Montpelier | Hartford
99%
9 Closest to Canada Juneau | Montpelier | Lansing | Augusta | Olympia | Concord | Columbus | Bismarck
98%
9 Closest to Washington D.C. Annapolis | Dover | Harrisburg | Richmond | Trenton | Raleigh | Charleston | Hartford
97%
10 Tallest Building Atlanta | Oklahoma City | Indianapolis | Boston | Denver | Austin | Des Moines | Columbus | Nashville
97%
6 Closest to the Great Lakes Madison | Lansing | Columbus | St. Paul | Indianapolis
97%
6 Most Snowfall Montpelier | Juneau | Augusta | Concord | Cheyenne
97%
9 Most Guessed on the Jetpunk state capitals quiz Sacramento | Denver | Honolulu | Atlanta | Phoenix | Boston | Austin | Tallahassee
97%
7 Most Populous in 1900 Boston | Providence | Indianapolis | St. Paul | Denver | Columbus
96%
4 (t) Shortest Name Boise | Dover | Salem | Austin (t) | Boston (t) | Denver (t) | Helena (t) | Juneau (t) | Pierre (t) | Topeka (t)
94%
10 Closest to a State Border Juneau | Trenton | Providence | Cheyenne | Dover | Carson City | St. Paul | Tallahassee | Hartford
92%
2 Most Populous in 1860 Boston
86%
2 First Settled Santa Fe
48%
No matching quizzes found
Score Distribution
Percent of People with Each Score
Percentile by Number Answered
Your Score History
You have not taken this quiz